000 00369nam a2200169Ia 4500
100 _aConklin/Arthur WM
650 _aSecurity system
250 _a2
942 _cBK
366 _f25
245 _aPrinciples of computer security
260 _bTata Mc Graw hill Ltd.
_c2010
082 _a5.8
_bCON
300 _a662
546 _aENGLISH
_cComputers
999 _c18372
_d18372